आपली सृष्टी आपले धन-2. (Record no. 772884)

MARC details
000 -LEADER
fixed length control field 00755nam a2200181Ia 4500
008 - FIXED-LENGTH DATA ELEMENTS--GENERAL INFORMATION
fixed length control field 100921s9999 xx 000 0 und d
082 ## - DEWEY DECIMAL CLASSIFICATION NUMBER
Item number 23771
Classification number 550 0
100 ## - MAIN ENTRY--PERSONAL NAME
Personal name वाटवे मिलिंद,परांजपे विवेक.संपा.
245 ## - TITLE STATEMENT
Title आपली सृष्टी आपले धन-2.
260 ## - PUBLICATION, DISTRIBUTION, ETC. (IMPRINT)
Name of publisher, distributor, etc निसर्ग प्रकाशन,पुणे.
Date of publication, distribution, etc 0
300 ## - PHYSICAL DESCRIPTION
Extent 279
Other physical details ---
365 ## - TRADE PRICE
Price amount 365
520 ## - SUMMARY, ETC.
Summary, etc विज्ञान-भौमिक शास्त्रे.
630 ## - SUBJECT ADDED ENTRY--UNIFORM TITLE
Uniform title आपली सृष्टी आपले धन-2.
650 ## - SUBJECT ADDED ENTRY--TOPICAL TERM
Topical term or geographic name as entry element विज्ञान-भौमिक शास्त्रे.
730 ## - ADDED ENTRY--UNIFORM TITLE
Uniform title आपली सृष्टी आपले धन-2.
942 ## - ADDED ENTRY ELEMENTS (KOHA)
Koha item type Book
Holdings
Withdrawn status Lost status Damaged status Not for loan Home library Current library Shelving location Date acquired Cost, normal purchase price Total Checkouts Barcode Date last seen Price effective from Koha item type Public note
      Added to bundle Lo. Tilak Granthasangrahalaya, Wai Lo. Tilak Granthasangrahalaya, Wai     365.00   WAITILAKGS-23771 09/21/2010 09/21/2010 Book संदर्भ